000 00804cam a22002657a 4500
003 CHAP
005 20220329135728.0
008 971013s1945 r 00010 d
010 _a41198
011 _a42170
035 _a46297
040 _cCHAP
082 _a634
_bE54
245 1 4 _aThe encyclopedia of fruits, berries, nuts and how to grow them
260 _aPhiladelphia, Pa. :
_bThe New Home Library,
_c1945
300 _a271 p.
_b: ilus.
590 _aBATCH-UPD
_b10
_c20130110
_lUCH01
_h2159
590 _aCONVERSION
_b10
_c20130109
_lUCH01
_h1323
650 1 4 _aFruticultura
_xDiccionarios.
_943715
650 1 4 _aHorticultura
_xDiccionarios.
_956322
700 0 _aWilkinson, Albert E.
_9121973
901 _aBK
942 _cLIBRO
949 _a634 E54
_bBC
_cC
_d33724000568580
_eC
_h65113
_i46297
_si
999 _c41198
_d41198